Préfectures et sous-préfectures commençant par la lettre L - Statistiques

Statistiques générales
  • Ce quiz a été pris 139 fois
  • Le résultat moyen est 10 sur 21
Statistiques - réponses
Réponses % Correct
Lyon
87%
Lille
82%
Lens
81%
Laon
78%
Limoges
73%
Lorient
70%
Laval
60%
Libourne
60%
Lons-le-Saunier
53%
Lunéville
44%
Lannion
42%
Lisieux
42%
Lodève
37%
Loches
32%
Limoux
31%
Langres
29%
Lure
29%
Langon
28%
Largentière
24%
Lesparre-Médoc
24%
Louhans
24%
Aucun quiz correspondant
Distribution des résultats
% des personnes avec chaque résultat
Percentile par nombre de réponses
Votre historique - résultats
Vous n’avez pas pris ce quiz